000 00389nam a2200145Ia 4500
008 210719s1965 xx 000 0 und d
041 _aeng
082 _a519.4 CONE
100 _aCONTE (S D)
245 _aElementary numerical analysis: an algorithmic approach.
260 _aNY
_bMcGraw hill book co.
_c1965
300 _ax,278
_bPB
365 _cRs
650 _aMathematical Statistics
999 _c212885
_d212885